00353nam a22001097a 4500008004100000020001500041082001800056100002600074245007300100260005700173300001300230230608b xxu||||| |||| 00| 0 eng d a9966530486 a346.0438bTEN cTenga RW & Maramba SJ aConveyancing and Disposition of Land in TanzaniabLaw and Procedure aNairobi,KenyabLawAfrica Publishing (K) Ltd. c2017 aXXI,448p